El traductor, la iglesia y el rey: la traducción en España en los siglos XII y XIII

Guardat en:
Dades bibliogràfiques
Autor principal: Foz, Clara (Autor)
Format: Llibre
Idioma:espanyol
Publicat: Barcelona, España Gedisa 2000
Col·lecció:Colección Lea. Lenguaje, Escritura, Alfabetización, 19
Matèries:
Etiquetes: Afegir etiqueta
Sense etiquetes, Sigues el primer a etiquetar aquest registre!

MARC

LEADER 00000nam a2200000 a 4500
001 UCK6433
003 CL-VaPUC
005 20211006074542.0
008 050930e20000400SP |||||||||||||||||spa|d
999 |c 314720  |d 314718 
020 |a 8474327709 
040 |c Pontificia Universidad Católica de Valparaíso 
082 0 4 |a 946.02 FOZ 2000  |2 21 
100 0 |a Foz, Clara  |e author  |9 495746 
245 1 3 |a El traductor, la iglesia y el rey:  |b  la traducción en España en los siglos XII y XIII 
260 |a Barcelona, España  |b Gedisa  |c 2000 
300 |a 191 páginas 
490 0 |a Colección Lea. Lenguaje, Escritura, Alfabetización,  |v  19 
583 |a last modification  |c 20160817 03:20:34  |k Rodrigo Vera 
650 0 |a Traducción e interpretación  |z ESPAÑA  |9 315998 
650 0 |a Traductores  |z ESPAÑA  |9 357262 
650 7 |a HISTORIA DE ESPAÑA  |2 CL-VaPUC  |9 495747  |y SIGLOS 12-13 
650 7 |a INTELECTUALES ESPAÑOLES  |2 CL-VaPUC  |9 482370 
852 |a BIBCUR 
942 |c BK  |2 ddc 
945 |d 20050930 00:00:00  |a jcarroza 
952 |0 0  |1 0  |2 ddc  |4 0  |6 946_020000000000000_FOZ_2000  |7 0  |8 A  |9 387427  |a BIBHIS  |b BIBHIS  |d 2019-11-22  |i 4152263  |o 946.02 FOZ 2000  |p 4152263  |r 2025-01-20  |t 1  |w 2019-11-22  |y BK  |k MHI